书目信息 |
| 题名: |
子空间法模式识别
|
|
| 作者: | 奥亚 , Oja 著 ;蔡国廉 , 杨文瑜 译 | |
| 分册: | ||
| 出版信息: | 北京 科学出版社 1987 |
|
| 页数: | 160页 | |
| 开本: | 19cm | |
| 丛书名: | ||
| 单 册: | ||
| 中图分类: | O235 | |
| 科图分类: | ||
| 主题词: | 子空间-模式识别 , 模式识别-子空间 | |
| 电子资源: | ||
| ISBN: | ||
| 000 | 00948nam0 2200325 45 | |
| 001 | 0187008369 | |
| 005 | 20040630081001.3 | |
| 010 | @dCNY1.30 | |
| 091 | @a15031.859 | |
| 100 | @a19900808d1987 emky0chiy0121 ea | |
| 101 | 1 | @achi@ceng |
| 102 | @aCN@b110000 | |
| 105 | @ay z 001yy | |
| 106 | @ar | |
| 200 | 10 | @a子空间法模式识别@Azi kong jian fa mo shi shi bie@f(芬)奥亚(Oja,E.)著@g蔡国廉, 杨文瑜译 |
| 210 | @a北京@c科学出版社@d1987 | |
| 215 | @a160页@d19cm | |
| 300 | @a书名原文: Subspace methods of pattern recognition. | |
| 510 | 1 | @aSubspace methods of pattern recognition@zeng |
| 606 | @a子空间-模式识别 | |
| 606 | @a模式识别-子空间 | |
| 610 | 0 | @a子空间法 |
| 690 | @aO235@v3 | |
| 701 | 1 | @a奥亚@Aao ya@bE.@4著 |
| 701 | A1 | @aOja@bE.@4著 |
| 702 | 0 | @a蔡国廉@Acai guo lian@4译 |
| 702 | 0 | @a杨文瑜@Ayang wen yu@4译 |
| 801 | 0 | @aCN@b深圳图书馆@c20040630 |
| 801 | 2 | @aCN@bNLC@c20040630 |
| 905 | @f1@b217003@dO235@e10 | |
| 子空间法模式识别/(芬)奥亚(Oja,E.)著/蔡国廉, 杨文瑜译.-北京:科学出版社,1987 |
| 160页;19cm |
| 书名原文: Subspace methods of pattern recognition. |
| ISBN :CNY1.30 |
| ● |
| 相关链接 |
|
|
|
|
正题名:子空间法模式识别
索取号:O235/10
 
预约/预借
| 序号 | 登录号 | 条形码 | 馆藏地/架位号 | 状态 | 备注 |
| 1 | 0217003 | 001933171 | 第三借阅区/ [索取号:O235/10] | 在馆 | |
| 2 | 0217004 | 001444486 | 第二样本阅览室/ [索取号:O235/10] | 在馆 |